| 000 | 00897nac a22002657a 4500 | ||
|---|---|---|---|
| 001 | BR9904465 | ||
| 003 | BR-BrBNA | ||
| 005 | 20240105122308.0 | ||
| 008 | 230509b bl.|||m| |||| 00| 0 por d | ||
| 040 |
_aBR-BrBNA _bpor _cBiblioteca Nacional de Agricultura |
||
| 072 | _aH20 | ||
| 090 | _a1160 BR9904465 | ||
| 100 | 1 | _aFreire, F. das C.O. | |
| 110 | 1 | _aCentro Nacional de Pesquisa de Agroindustria Tropical, Fortaleza, CE (Brasil) | |
| 245 | 1 | _aO micoparasitismo do agente causal do mofo-preto do cajueiro pelo fungo Acremonium sp. | |
| 260 | 3 |
_aFortaleza, CE (Brasil): _c1998. |
|
| 300 | _a2 p. | ||
| 490 |
_aPesquisa em Andamento - Centro Nacional de Pesquisa de Agroindustria Tropical (Brazil) _vno. 48 _x |
||
| 650 | _aCaju | ||
| 650 | _aFungo | ||
| 650 | _aMofo Preto | ||
| 650 | _aDoenca de Planta | ||
| 909 |
_a202312 _bLúcia Elande _c55 _dLúcia Elande |
||
| 942 |
_2AGRIS _n0 _cMS |
||
| 999 |
_c290260 _d290260 |
||